00727nam a2200241 a 4500001001300000003000900013005001700022008004100039020001000080082001500090100001800105245006500123260004300188300000900231500003500240505001300275650003300288700001800321902000800339942000700347952011600354999001500470nice12345678IN_TiNIC20260116012709.0050524s0000 lona grp 000 0 eng  ac10000a235.2bSPE aSpence, James aScenes in the Life of St.Peterb Biography and an Exposition aLondonbReligious Tracts Societyc0000 a275p aincludes index and biblioraphy2 aAppendix aSaints-Christianity-St.Peter1 aSpence, James bSRS cBK 001040708StackRoom-aHMIbHMId2007-06-20g100.00l0o235.2 SPEp012175r2007-06-20v100.00w2005-05-24yBK c7995d7995